| 000 | 02720nam0a22004571 4500 | ||
|---|---|---|---|
| 001 | RU\NLR\A1\26004 | ||
| 005 | 20251203152403.2 | ||
| 035 | _a(NLR Aleph) 009680324 | ||
| 090 |
_a9699165 _c9699165 |
||
| 100 | _a19990803d1793 u y0rusy50 ca | ||
| 101 | 1 |
_arus _cger |
|
| 102 | _aRU | ||
| 200 | 1 |
_aАптека или Наука составлять разныя, как внутрь, так и снаружи употребляемыя, лекарства, _eКак-то: разные пластыри, разныя мази, разные бальсамы, капли и целебныя наливки, спирты, водки, порошки, соли, смеси, молока или емульсии и другия множайшия, со вкусом и употреблением нынешняго времени соображенныя лекарства; _fКоторую сочинил и в трех частях наилучшим образом расположил философии и медицины доктор, его светлости князя и епископа Фульдскаго тайный советник и главнейший медик, Адолфинскаго университета публичный ординарный профессор и города Фульды штатс-физик Франциск Антон Шлерет; _gА на российской перевел при Императорском Московском университете медицины студент Фома Барсук-Моисеев |
|
| 210 |
_aМ. _cТип. М.Пономарева _d1793 |
||
| 215 |
_a[2], 1-112, 112-127, 129-614 с. _d8° |
||
| 321 | _aСК XVIII 8272 | ||
| 327 | 0 | _aОглавление вещам, в сей книге находящимся : [Предм. указ.] | |
| 620 | _dМосква | ||
| 700 | 1 |
_6z01700 _aШлерет _bФ.А. _f1735- _gФранц Антон _4070 |
|
| 700 | 1 |
_6z01700 _aSchlereth _bF.A. _gFranz Anton _7ba |
|
| 702 | 1 |
_aПономарев _bМ.П. _gМатвей П. _4610 |
|
| 702 | 1 |
_aБарсук-Моисеев _bФ.И. _f1768-1811 _gФома Иванович _4610 |
|
| 712 | 0 | 0 |
_aПономаревы _hТипография _cМосква _4610 |
| 801 | 0 |
_aRU _bNLR _c19990803 |
|
| 852 |
_aNLR _j18.11.4.23 |
||
| 852 |
_aNLR _j139/1068 |
||
| 899 | _aКостОУНБ | ||
| 899 | _aВОУНБ | ||
| 899 | _aРГБ | ||
| 899 | _aБАН | ||
| 899 | _aВМА | ||
| 899 | _aЦНМБ | ||
| 899 | _aГМУ "Архангельское" | ||
| 899 | _aМГУ | ||
| 899 | _aГПИБ | ||
| 899 | _aСОУНБ | ||
| 899 |
_aНБЛ КГУ _y2 экз. |
||
| 942 | _cBOOK | ||
| 980 | _aNB | ||
| 980 | _aA1XVIIIv | ||